000 00666nam a22001937a 4500
999 _c58281
_d58281
005 20211021121745.0
008 211021s2007 ru ||||| |||| 00| 0 rus d
020 _a9788776871239
041 _arus
080 _a159.964
100 _aХаббард, Рональд Лафайет.
_912701
245 _aДианетка :
_bЭволюция науки /
_cЛ. Рон Хаббард.
264 _aМ. :
_b"Нью Эра",
_c2007.
300 _a197с. :
_b ил. ;
_c24см.
653 _aДианетка. Эволюция науки
653 _aდიანეტიკა
653 _aგონი და აზროვნება
942 _2udc
_cBK